| 000 | 00795nam a2200265 i 4500 | ||
|---|---|---|---|
| 001 | 52382 | ||
| 003 | ES-MaACL | ||
| 005 | 20250801153400.0 | ||
| 007 | t| | ||
| 008 | 030828s1972 sp f |||| |dspa d | ||
| 080 | _a945"18" | ||
| 080 | _a929.52 Saboya, Casa de | ||
| 100 | 1 |
_aDaudy, Philippe. _942809 |
|
| 245 | 1 | 4 |
_aLos amantes de Italia / _cPhilippe Daudy ; [versión de Carmen Soler Blanch]. |
| 250 | _a1ª ed. | ||
| 260 |
_aBarcelona : _bLuis de Caralt, _c1972. |
||
| 300 |
_a278 p., 4 lám. ; _c21 cm. |
||
| 490 | 1 | _aEl amor y la corona | |
| 600 | 3 | 4 |
_aSaboya, Casa de. _9157121 |
| 651 | 4 |
_aItalia- _xHistoria- _yS.XIX. _9157120 |
|
| 700 | 1 |
_aSoler Blanch, Carmen. _9107168 |
|
| 830 | 0 | 3 |
_aEl amor y la corona _9230202 |
| 852 |
_aES-MaACL _jC-48942 |
||
| 999 |
_c52382 _d52382 |
||